| 000 | 00951nam a2200241 a 4500 | ||
|---|---|---|---|
| 001 | 44287 | ||
| 003 | BD-RjUL | ||
| 005 | 20211209053830.0 | ||
| 008 | 160716s2015 bg ||||| |||| 00| 0 ben d | ||
| 020 |
_a9847012004869 _c: Tk.1200.00 |
||
| 035 | _a(BD-RjUL)44405 | ||
| 040 |
_aBD-RjUL _bben _cBD-RjUL _dBD-RjUL |
||
| 041 | _aben | ||
| 082 |
_223 _a891.44308 _bKHS 2015 |
||
| 100 |
_aখাতুন, রাবেয়া _9124189 |
||
| 245 | 1 | 0 |
_aস্মৃতিসংগ্রহ / _bরাবেয়া খাতুন, সম্পাদনা আহমদ মাযহার |
| 260 |
_aঢাকা : _bকথাপ্রকাশ, _c২০১৫ |
||
| 300 |
_a৬৮০ পৃ. ; _c২৫ সেমি. |
||
| 650 |
_aবাংলা ছোটগল্প _vসংগ্রহ _9135965 |
||
| 650 |
_aBengali Shortstories _vCollections _9135966 |
||
| 700 |
_aমাযহার, আহমদ সম্পাদনা _9135967 |
||
| 942 |
_2ddc _cBK |
||
| 999 |
_c44287 _d44287 |
||